Bastions and barbed wire (Record no. 240750)
[ view plain ]
| 000 -LEADER | |
|---|---|
| fixed length control field | 02695nam a2200397 a 4500 |
| 082 04 - DEWEY DECIMAL CLASSIFICATION NUMBER | |
| Classification number | 355.4 |
| 245 00 - TITLE STATEMENT | |
| Title | Bastions and barbed wire |
| 260 ## - PUBLICATION, DISTRIBUTION, ETC. (IMPRINT) | |
| Place of publication | Leiden : |
| Name of publisher | Boston [Mass.] : |
| -- | Brill, |
| Year of publication | 2008. |
| 300 ## - PHYSICAL DESCRIPTION | |
| Number of Pages | ix, 250 p. : |
| Other physical details | ill., maps. |
| 500 ## - GENERAL NOTE | |
| General note | "Also published as volume four of the Journal of conflict archaeology"--P. facing t.p. |
| 505 0# - FORMATTED CONTENTS NOTE | |
| Formatted contents note | A detailed study of the effectiveness and capabilities of 18th century musketry on the battlefield / N.A. Roberts ... [et al.] -- An archaeological study of Talamanca battlefield / Xavier Rubio Campillo -- Remembering the Charge of the Light Brigade : its commemoration, war memorials and memory / Gavin Hughes & Jonathan Trigg -- Fortified homesteads : the architecture of fear in frontier South Australia and the Northern Territory, ca. 1847-1885 / Nicolas K. Grguric -- Landscapes of the Battle of the Bulge : WW2 field fortifications in the Ardennes forests of Belgium / David G. Passmore & Stephan Harrison -- Archaeological investigation of military sites on Inchkeith Island / Tony Pollard & Iain Banks -- War and place : landscapes of conflict and destruction in prehistory / James E. Snead -- The archaeology of the Seige of Leith, 1560 / Tony Pollard -- The archaeology of the Seige of Fort William, 1746 / Tony Pollard -- Between memory and materiality : an archaeological approach to studying the Nazi concentration camps / Adrian T. Myers -- Book review. The deadly politics of giving : exchange and violence at Ajacan, Roanoke, and Jamestown, by Seth Mallios. |
| 650 #0 - SUBJECT ADDED ENTRY--TOPICAL TERM | |
| Topical Term | Battlefields |
| Topical Term | Military archaeology. |
| Topical Term | Battles |
| Topical Term | Excavations (Archaeology) |
| 700 1# - ADDED ENTRY--PERSONAL NAME | |
| Personal name | Pollard, Tony. |
| Personal name | Banks, Iain, |
| 856 40 - ELECTRONIC LOCATION AND ACCESS | |
| Uniform Resource Identifier | http://site.ebrary.com/lib/rucke/Doc?id=10461207 |
No items available.
